| 000 | 02174cam a22004574i 4500 | ||
|---|---|---|---|
| 003 | PE-LiUPU | ||
| 005 | 20250731173335.0 | ||
| 008 | 150706s2003 xxu r 000 0 eng d | ||
| 020 | _a0977439623 | ||
| 035 | _a(Sirsi) i9780977439621 | ||
| 040 |
_aPE-LiUPU _bspa _cPE-LiUPU _erda |
||
| 049 | _aPRUA | ||
| 082 | 0 | 4 |
_a266 _bR75 _221 |
| 100 | 1 |
_aRogers, Glenn, _eautor. |
|
| 245 | 1 | 2 |
_aA basic introduction to missions and missiology / _cGlenn Rogers . |
| 264 | 1 |
_aUSA : _bMission and Ministry Resources, _c2003. |
|
| 300 |
_a208 páginas ; _c23 centímetros |
||
| 336 |
_atext _2rdacontent |
||
| 337 |
_aunmediated _2rdamedia |
||
| 338 |
_avolume _2rdacarrier |
||
| 505 | 0 | _aMission concepts -- God's mission-our mission -- God's mission -- Relationship -- Reconciliation -- Our mission. Modeled after Jesus' Own Mission -- Godly living -- Godly Teaching -- Godly Condern For others -- Personal sacrifice -- Mission and Missiology concepts and terms -- Mission- The mission Dei -- Missions -- Evangelism -- Missiology -- Biblical Theology -- Theology of mission -- Incarnetional mission ministry -- Mission training -- The three-part division of missiological studies -- Areas of missiological specialization -- Mission work -- Going into the field -- Being part of the larger -- Building a missiological library. | |
| 526 | _aSEG42 | ||
| 526 | _aSEG41 | ||
| 526 | _aSEG40 | ||
| 526 | _aSEG39 | ||
| 526 | _aP94 | ||
| 526 | _aP87 | ||
| 526 | _aP86 | ||
| 526 | _aP85 | ||
| 526 | _aP77 | ||
| 526 | _aP76 | ||
| 526 | _aP35 | ||
| 541 | _g1057695742-4939426; | ||
| 650 | 0 | 4 |
_aMisiones _vEstudio y enseñanza. |
| 910 |
_bng _cng _d20090310 |
||
| 942 |
_2ddc _cBOOK |
||
| 949 |
_a266 R75 _wDEWEY _c1 _i59395 _d2016-12-22 _e2016-12-22 _kCHECKEDOUT _lCCODEBUL1 _mBUL _n1 _p15.00 _rM _sY _tBOOK _u2015-7-6 _xTEOLOGIA _zUNKNOWN _0COMPRA _o.STAFF. Colección General |
||
| 994 |
_aC0 _bPEPRU |
||
| 596 | _a1 | ||
| 999 |
_a266 R75 _wDEWEY _c48982 _i59395 _d48982 _e2017-6-25 _f2021-11-10 _g5 _lCCODEBUL1 _mBUL _n2 _p15.00 _q1 _r0 _sY _tBOOK _u2015-7-6 _xTEOLOGIA _zUNKNOWN _0COMPRA _o.STAFF. Colección Teología |
||
| 980 |
_81 _gALBERTO SANCHEZ Responsable de Automatización |
||